[Event "Cambridge Int Open 2023"]
[Site "Cambridge ENG"]
[Date "2023.02.17"]
[Round "5.47"]
[White "Hertog, Alexander"]
[Black "Pride, Stephen C"]
[Result "0-1"]
[WhiteElo "1641"]
[BlackElo "1533"]
[WhiteFideId "488453"]
[BlackFideId "419680"]
[EventDate "2023.02.15"]

1. d4 d6 2. Nf3 e6 3. g3 b6 4. Bg2 Bb7 5. c4 Ne7 6. Nc3 g6 7. O-O Bg7 8. Re1 Nd7
9. e4 O-O 10. h3 e5 11. d5 h6 12. Nh2 f5 13. f3 Nf6 14. Bf1 Bc8 15. Kg2 Bd7 16.
Bd3 Qc8 17. exf5 Nxf5 18. g4 Nd4 19. Bxg6 Qa6 20. Bd3 Qb7 21. Be3 Rae8 22. Bxd4
exd4 23. Ne4 Nxe4 24. Rxe4 Re5 25. Qc2 Ree8 26. Rae1 Qc8 27. b3 Qd8 28. Nf1 Kh8
29. Ng3 Be5 30. Nh5 c5 31. Qd2 Bg7 32. Rxe8 Rxe8 33. Rxe8+ Qxe8 34. Nxg7 Kxg7
35. Qe2 Qf7 36. Qe4 Kf8 37. Qg6 Qf4 38. Qe4 Qd2+ 39. Qe2 Qf4 40. Qc2 Kg7 41. Be2
h5 42. Qd3 h4 43. Bf1 Kf8 0-1

[Event "Cambridge Int Open 2023"]
[Site "Cambridge ENG"]
[Date "2023.02.17"]
[Round "5.48"]
[White "Downey, Keith"]
[Black "Kaushik, Madhav"]
[Result "1/2-1/2"]
[WhiteElo "1818"]
[BlackElo "1443"]
[WhiteFideId "10700250"]
[BlackFideId "499986"]
[EventDate "2023.02.15"]

1. Nf3 Nf6 2. c4 e6 3. g3 d5 4. d4 Be7 5. Bg2 O-O 6. Qc2 b6 7. O-O Bb7 8. Bf4 c5
9. Rd1 Qc8 10. Nbd2 Nc6 11. dxc5 Bxc5 12. Nb3 Nb4 1/2-1/2

[Event "Cambridge Int Open 2023"]
[Site "Cambridge ENG"]
[Date "2023.02.17"]
[Round "5.49"]
[White "Sellen, John"]
[Black "Swanson, George"]
[Result "0-1"]
[WhiteElo "1547"]
[BlackElo "1792"]
[WhiteFideId "432300"]
[BlackFideId "343413889"]
[EventDate "2023.02.15"]

1. f4 d5 2. Nf3 Bg4 3. e3 e6 4. d4 Nf6 5. Nbd2 c5 6. c3 Nc6 7. Bd3 Bd6 8. O-O
O-O 9. Qe1 Ne7 10. Ne5 Bf5 11. Bxf5 exf5 12. Ndf3 Ne4 13. Nd2 Rc8 14. Nxe4 dxe4
15. Nc4 cxd4 16. Nxd6 Qxd6 17. cxd4 Nd5 18. Qe2 Nb4 19. Bd2 Nd3 20. Bc3 b5 21.
a3 Qc6 22. Rfd1 Qc4 23. Rxd3 exd3 24. Qd2 Rfe8 25. Kf2 Rc6 26. Rd1 Rce6 27. Qxd3
Rxe3 28. Qxe3 Rxe3 29. Kxe3 Qd5 30. g3 f6 31. Re1 Kf7 32. Kf2 a6 33. Re2 h6 34.
Ke1 a5 35. Rd2 Qh1+ 0-1

[Event "Cambridge Int Open 2023"]
[Site "Cambridge ENG"]
[Date "2023.02.17"]
[Round "5.51"]
[White "Hariharan, Shambavi"]
[Black "Kent, Rowan"]
[Result "1/2-1/2"]
[WhiteElo "1491"]
[BlackElo "1247"]
[WhiteFideId "488160"]
[BlackFideId "460931"]
[EventDate "2023.02.15"]

1. d4 Nf6 2. Nf3 d6 3. c4 g6 4. g3 Bg7 5. Bg2 O-O 6. O-O Nbd7 7. Nc3 c5 8. d5 a6
9. a4 b6 10. Re1 Ne8 11. Bd2 Nc7 12. Qc2 Ne5 13. Nxe5 Bxe5 14. Bh6 Bg7 15. Qd2
Bd7 16. Bxg7 Kxg7 17. b3 a5 18. e4 Qc8 19. Qb2 Na6 20. Rad1 Rh8 21. e5 Kg8 22.
exd6 exd6 23. Re7 Bf5 24. Rde1 Nb4 25. Be4 Bxe4 26. Nxe4 Nd3 27. Qf6 Qf5 28.
Qxf5 gxf5 29. Nf6+ Kg7 30. Ne8+ Raxe8 31. Rxe8 Nxe1 32. Rxe1 Kf6 33. Kg2 Rg8 34.
f4 Rd8 35. Kf3 Rg8 36. h3 h5 1/2-1/2

[Event "Cambridge Int Open 2023"]
[Site "Cambridge ENG"]
[Date "2023.02.17"]
[Round "6.2"]
[White "Korneev, Oleg"]
[Black "Clarke, Brandon G I"]
[Result "1/2-1/2"]
[WhiteTitle "GM"]
[BlackTitle "IM"]
[WhiteElo "2485"]
[BlackElo "2473"]
[WhiteFideId "4156803"]
[BlackFideId "400319"]
[EventDate "2023.02.15"]

1. e4 c5 2. Nf3 d6 3. d4 cxd4 4. Nxd4 Nf6 5. Nc3 g6 6. Be3 Bg7 7. Be2 O-O 8. Qd2
Nc6 9. O-O-O Ng4 10. Bxg4 Bxg4 11. f3 Bd7 12. Nxc6 bxc6 13. Bd4 Qa5 14. Bxg7 1/2-1/2

[Event "Cambridge Int Open 2023"]
[Site "Cambridge ENG"]
[Date "2023.02.17"]
[Round "6.3"]
[White "Turner, Matthew J"]
[Black "Dardha, Daniel"]
[Result "1/2-1/2"]
[WhiteTitle "GM"]
[BlackTitle "GM"]
[WhiteElo "2455"]
[BlackElo "2612"]
[WhiteFideId "402893"]
[BlackFideId "240990"]
[EventDate "2023.02.15"]

1. d4 d6 2. Nc3 g6 3. e4 Bg7 4. Nf3 Nf6 5. Be2 O-O 6. O-O a6 7. a4 Nc6 8. h3 e5
9. dxe5 dxe5 10. Bg5 Be6 11. Qe1 Qc8 12. Bxf6 Bxf6 13. Nd5 Bxd5 14. exd5 Ne7 15.
Bc4 Qf5 16. Bd3 Qf4 17. Be4 Bg7 18. g3 Qh6 19. h4 Qh5 20. Ng5 Qg4 21. Bg2 Rad8
22. Qd1 Qc4 23. b3 Qb4 24. c3 Qxc3 25. Rc1 Qa5 26. Ne4 Rxd5 27. Qe1 Qxe1 28.
Rfxe1 c6 29. Nc5 Rd2 30. Nxb7 f5 31. Red1 Bh6 32. Rxd2 Bxd2 33. Rd1 Bb4 34. Nd8
Rf6 35. Bf1 Rd6 1/2-1/2

[Event "Cambridge Int Open 2023"]
[Site "Cambridge ENG"]
[Date "2023.02.17"]
[Round "6.4"]
[White "Bosiocic, Marin"]
[Black "Wall, Tim P"]
[Result "1-0"]
[WhiteTitle "GM"]
[BlackTitle "FM"]
[WhiteElo "2564"]
[BlackElo "2239"]
[WhiteFideId "14507927"]
[BlackFideId "401641"]
[EventDate "2023.02.15"]

1. e4 g6 2. d4 Bg7 3. Nc3 d6 4. Be3 a6 5. g4 b5 6. Bg2 Bb7 7. h4 h6 8. h5 g5 9.
f4 gxf4 10. Bxf4 Nd7 11. Nge2 b4 12. Nd5 a5 13. c3 e6 14. Ne3 Ngf6 15. Qc2 Nh7
16. d5 Ne5 17. Bxe5 Bxe5 18. Nc4 Bf6 19. O-O exd5 20. exd5 O-O 21. Ne3 bxc3 22.
bxc3 Ba6 23. Nf5 Bg5 24. c4 Re8 25. Neg3 Nf6 26. Qc3 Re5 27. Rae1 Qe8 28. Rxe5
Qxe5 29. Qxe5 dxe5 30. d6 Ra7 31. Ne7+ Kf8 32. Nc6 Rb7 33. Nxe5 cxd6 34. Bxb7
Bxb7 35. Rb1 dxe5 36. Rxb7 Nxg4 37. Nf5 1-0

[Event "Cambridge Int Open 2023"]
[Site "Cambridge ENG"]
[Date "2023.02.17"]
[Round "6.5"]
[White "Golubovic, Boris"]
[Black "Grieve, Harry"]
[Result "1/2-1/2"]
[WhiteTitle "IM"]
[BlackTitle "IM"]
[WhiteElo "2349"]
[BlackElo "2442"]
[WhiteFideId "14502160"]
[BlackFideId "426520"]
[EventDate "2023.02.15"]

1. e4 c5 2. Nf3 e6 3. c3 Nf6 4. e5 Nd5 5. d4 cxd4 6. cxd4 d6 7. Bc4 Be7 8. O-O
O-O 9. Qe2 a6 10. Bd2 Nc6 11. Nc3 dxe5 12. dxe5 Nxc3 13. Bxc3 b5 14. Bd3 Bb7 15.
Rfd1 Qb6 16. a3 Rfd8 17. Be4 a5 18. Rxd8+ Rxd8 19. Rd1 b4 20. Rxd8+ Nxd8 21.
axb4 axb4 22. Bd4 Qc7 23. Bxb7 Nxb7 24. g3 Qc6 25. b3 Qd5 26. Qe3 Na5 27. Nd2
Nc6 28. Bb2 Bc5 29. Qe2 Bd4 30. Bxd4 Nxd4 31. Qc4 Qxc4 32. bxc4 g5 33. f3 b3 34.
Kf2 b2 35. Ke3 Nc2+ 36. Kd3 Na3 37. Kc3 b1=Q 38. Nxb1 Nxb1+ 39. Kc2 Na3+ 40. Kb3
Nb1 41. Kc2 Na3+ 42. Kb3 Nb1 1/2-1/2

[Event "Cambridge Int Open 2023"]
[Site "Cambridge ENG"]
[Date "2023.02.17"]
[Round "6.6"]
[White "Villiers, Thomas"]
[Black "Roberson, Peter T"]
[Result "0-1"]
[WhiteTitle "CM"]
[BlackTitle "IM"]
[WhiteElo "2186"]
[BlackElo "2426"]
[WhiteFideId "427209"]
[BlackFideId "412384"]
[EventDate "2023.02.15"]

1. d4 Nf6 2. Nf3 d5 3. Bf4 c5 4. c3 Nc6 5. e3 Qb6 6. Qc2 g6 7. h3 Bg7 8. Nbd2
O-O 9. Be2 Bf5 10. Qb3 Nd7 11. O-O Qxb3 12. axb3 e5 13. Nxe5 Ndxe5 14. dxe5 Nxe5
15. Nf3 Bd3 16. Bxe5 Bxe2 17. Rfe1 Bxf3 18. Bxg7 Kxg7 19. gxf3 Kf6 20. Ra5 b6
21. Ra6 Rfb8 22. Rd1 Ke6 23. e4 Rd8 24. Ra4 dxe4 25. Rxd8 Rxd8 26. Rxa7 Rd1+ 27.
Kg2 Rd2 28. Rb7 e3 29. Rxb6+ Kf5 30. Rb7 Kf6 31. Rb8 Rxf2+ 32. Kg3 Rxb2 33. Rc8
Rb1 34. Re8 Rxb3 35. Rxe3 Kf5 36. Re7 Kf6 37. Re3 Kf5 38. Re7 f6 39. Re3 c4 40.
Kg2 Rb2+ 41. Kg3 Rc2 42. h4 h5 43. Kh3 Rd2 44. Re4 Rd3 45. Rxc4 Rxf3+ 46. Kg2
Rf4 47. Rb4 Rxb4 48. cxb4 Ke4 49. Kf2 Kd4 50. b5 Kc5 51. Ke3 Kxb5 52. Kd4 Kc6 0-1

[Event "Cambridge Int Open 2023"]
[Site "Cambridge ENG"]
[Date "2023.02.17"]
[Round "6.7"]
[White "Arkell, Keith C"]
[Black "Itgelt, Khuyagtsogt"]
[Result "1/2-1/2"]
[WhiteTitle "GM"]
[WhiteElo "2404"]
[BlackElo "2158"]
[WhiteFideId "400270"]
[BlackFideId "4902912"]
[EventDate "2023.02.15"]

1. c4 Nf6 2. Nc3 d5 3. cxd5 Nxd5 4. g3 g6 5. Bg2 Nb6 6. d3 Bg7 7. Be3 c6 8. Qd2
h6 9. Nf3 N8d7 10. h4 Nf6 11. Bd4 Bg4 12. e3 Bxf3 13. Bxf3 Qd6 14. Bxf6 Qxf6 15.
Qe2 h5 16. d4 e6 17. O-O Qe7 18. Ne4 O-O 19. Rac1 e5 20. dxe5 Bxe5 21. Nc5 Rad8
22. Rc2 Nd5 23. Nd3 Nb4 24. Nxb4 Qxb4 25. a3 Qb3 26. Qc4 Qxc4 27. Rxc4 Rd2 28.
b4 Rfd8 1/2-1/2

[Event "Cambridge Int Open 2023"]
[Site "Cambridge ENG"]
[Date "2023.02.17"]
[Round "6.8"]
[White "Czopor, Maciej"]
[Black "Payne, Matthew J"]
[Result "1/2-1/2"]
[WhiteTitle "FM"]
[WhiteElo "2412"]
[BlackElo "2104"]
[WhiteFideId "21805431"]
[BlackFideId "417084"]
[EventDate "2023.02.15"]

1. d4 Nf6 2. c4 g6 3. Nc3 Bg7 4. e4 d6 5. Be2 O-O 6. Be3 e5 7. d5 Na6 8. h4 Nc5
9. Qc2 c6 10. h5 cxd5 11. cxd5 Qa5 12. h6 Bh8 13. f3 Nh5 14. a3 Ng3 15. b4 Qd8
16. Rh2 Nxe2 17. Ngxe2 Na6 18. Nb5 f5 19. Rc1 fxe4 20. fxe4 Bg4 21. Qd3 Bf6 22.
Rh1 Bg5 23. Bxg5 Qxg5 24. Qd2 Qd8 25. Qe3 Qd7 26. Nec3 Rf4 27. Rf1 Raf8 28. Rxf4
exf4 29. Qd4 f3 30. gxf3 Rxf3 31. Nxd6 Qe7 32. Nd1 Qh4+ 33. Nf2 Qxh6 34. Rc3 Nc7
35. Rxf3 Bxf3 36. Qd2 Qh2 37. Qe3 Bh5 38. Nc4 Qg1+ 39. Kd2 Qb1 40. Qd3 Qg1 41.
Qe3 Qb1 42. Qc5 Qa2+ 43. Kc3 Nb5+ 44. Qxb5 Qxf2 45. Nd2 Be2 46. Qe8+ Kg7 47.
Qe5+ Qf6 48. Kd4 h5 49. Qxf6+ Kxf6 50. e5+ Kf5 51. Ne4 h4 52. e6 g5 53. Nxg5
Kxg5 54. Ke5 h3 55. d6 h2 56. d7 h1=Q 57. d8=Q+ Kg4 58. Qd4+ Kh5 59. e7 Bb5 60.
Qf2 Qh4 61. Qf7+ Kh6 62. Qf8+ Kh7 63. Qf7+ Kh6 64. Qf8+ Kh7 65. Qf7+ 1/2-1/2

[Event "Cambridge Int Open 2023"]
[Site "Cambridge ENG"]
[Date "2023.02.17"]
[Round "6.9"]
[White "Hebden, Mark L"]
[Black "Bradbury, Neil H"]
[Result "1-0"]
[WhiteTitle "GM"]
[BlackTitle "IM"]
[WhiteElo "2454"]
[BlackElo "2200"]
[WhiteFideId "400084"]
[BlackFideId "400513"]
[EventDate "2023.02.15"]

1. d4 Nf6 2. Nf3 e6 3. c3 b6 4. Bg5 Bb7 5. Nbd2 Be7 6. e3 h6 7. Bh4 d6 8. Qa4+
c6 9. e4 O-O 10. e5 Nfd7 11. Bg3 d5 12. Bd3 c5 13. Rc1 Nc6 14. O-O a6 15. Bb1
Re8 16. a3 Rc8 17. dxc5 bxc5 18. Qg4 Bg5 19. Rcd1 f5 20. exf6 Qxf6 21. Nc4 Nd4
22. cxd4 dxc4 23. h4 1-0

[Event "Cambridge Int Open 2023"]
[Site "Cambridge ENG"]
[Date "2023.02.17"]
[Round "6.10"]
[White "Crocker, Philip J"]
[Black "Gormally, Daniel W"]
[Result "1/2-1/2"]
[BlackTitle "GM"]
[WhiteElo "2128"]
[BlackElo "2448"]
[WhiteFideId "403180"]
[BlackFideId "406465"]
[EventDate "2023.02.15"]

1. d4 Nf6 2. c4 e6 3. g3 d5 4. Nf3 Be7 5. Bg2 O-O 6. O-O dxc4 7. Qc2 b5 8. a4 b4
9. Nfd2 c6 10. Nxc4 Qxd4 11. Be3 Qg4 12. Nbd2 Qh5 13. Nf3 Nd5 14. Bd2 c5 15.
Nfe5 f6 16. Bf3 Qe8 17. Be4 Qh5 18. Bf3 Qe8 19. Be4 Qh5 1/2-1/2

[Event "Cambridge Int Open 2023"]
[Site "Cambridge ENG"]
[Date "2023.02.17"]
[Round "6.11"]
[White "Walker, Martin G"]
[Black "Ismail, Mohammed Aayan"]
[Result "0-1"]
[WhiteTitle "FM"]
[WhiteElo "2133"]
[BlackElo "2211"]
[WhiteFideId "410969"]
[BlackFideId "465135"]
[EventDate "2023.02.15"]

1. e4 c6 2. d4 d5 3. exd5 cxd5 4. c4 Nf6 5. Nc3 g6 6. Qb3 Bg7 7. cxd5 O-O 8.
Nge2 a5 9. Nf4 g5 10. Nfe2 a4 11. Qc4 Ra5 12. Bxg5 Nxd5 13. Nxd5 Rxd5 14. Be3 b5
15. Qc2 Bf5 16. Qd2 e5 17. Bh6 Bxh6 18. Qxh6 exd4 19. Nf4 Re8+ 20. Kd1 Bg4+ 21.
f3 Rd6 0-1

[Event "Cambridge Int Open 2023"]
[Site "Cambridge ENG"]
[Date "2023.02.17"]
[Round "6.12"]
[White "Hunt, Harriet V"]
[Black "Banerjee, Supratit"]
[Result "1-0"]
[WhiteTitle "IM"]
[WhiteElo "2349"]
[BlackElo "1740"]
[WhiteFideId "403512"]
[BlackFideId "2410079"]
[EventDate "2023.02.15"]

1. e4 e6 2. Qe2 d6 3. d4 Ne7 4. Nf3 b6 5. c4 Bb7 6. Nc3 a6 7. g3 Nd7 8. Bg2 g6
9. O-O Bg7 10. Rd1 O-O 11. Bf4 Nc6 12. e5 Qe7 13. Qe3 Rad8 14. Bg5 f6 15. exf6
Nxf6 16. Re1 Rde8 17. Qd2 Qf7 18. Bf4 Nh5 19. Ng5 Qf6 20. Be3 Kh8 21. Nce4 Qd8
22. d5 exd5 23. cxd5 Ne5 24. Ne6 Rxe6 25. dxe6 Qe7 26. Rac1 d5 27. Ng5 d4 28.
Bxd4 Bxg2 29. Bxe5 Ba8 30. Rxc7 Qe8 31. Bxg7+ Nxg7 32. Qc3 Rf6 33. Qxf6 Qg8 34.
Nf7+ Qxf7 35. Rxf7 Bb7 36. Rf8# 1-0

[Event "Cambridge Int Open 2023"]
[Site "Cambridge ENG"]
[Date "2023.02.17"]
[Round "6.14"]
[White "Weersing, Abigail Riis"]
[Black "Saunders, Aron"]
[Result "1/2-1/2"]
[WhiteElo "1827"]
[BlackElo "2109"]
[WhiteFideId "460036"]
[BlackFideId "469343"]
[EventDate "2023.02.15"]

1. d4 d5 2. c4 c6 3. Nf3 Nf6 4. e3 Bf5 5. Bd3 Bxd3 6. Qxd3 e6 7. Nbd2 Nbd7 8.
O-O Bd6 9. b3 O-O 10. Bb2 Qe7 11. Rac1 e5 12. dxe5 Nxe5 13. Qf5 Rfe8 14. Rfd1
Qe6 15. Qxe6 Rxe6 16. Nd4 Nd3 17. Rb1 Nxb2 18. Rxb2 Ree8 19. Rc2 Rad8 20. cxd5
Nxd5 21. Nc4 Bc7 22. Nf5 g6 23. Ng3 h5 24. a3 f5 25. Rcd2 b5 26. Nb2 Nc3 27.
Rxd8 Rxd8 28. Rxd8+ Bxd8 29. Nd3 Bc7 30. Nb4 c5 31. Nc2 h4 32. Nf1 Ne2+ 33. Kh1
Kf7 34. Nd2 Ke6 35. Ne1 Kd5 36. Nd3 Bd6 37. Nb2 g5 38. a4 a6 39. axb5 axb5 40.
h3 Be5 41. Nd3 Bf6 42. g3 c4 43. Nb4+ Kc5 44. Na6+ Kb6 45. bxc4 Kxa6 46. cxb5+
Kxb5 47. gxh4 gxh4 48. Kg2 Nc1 49. Kf3 Nd3 50. Ke2 Ne5 51. f4 Ng6 52. Kf3 Bc3
53. Nf1 Kc4 54. e4 Kd3 55. exf5 Ne7 56. Kg4 Ke4 57. Kxh4 Kxf4 58. Kh5 Nxf5 59.
Kg6 Nh4+ 60. Kh5 Bf6 61. Nd2 Kf5 62. Nc4 Ng2 63. Nd6+ Ke6 64. Ne4 Be5 65. Kg4
Ne3+ 66. Kf3 Nd5 67. Nc5+ Kf5 68. Nd3 Bd6 69. Nf2 Nf4 70. Ne4 Be5 71. Nf2 Kg5
72. Ng4 Bd6 73. Nf2 Kh4 74. Ne4 Bb8 75. Nf2 Bc7 76. Ne4 Nxh3 77. Nf6 Kg5 78. Nd5
Bd6 79. Nc3 Kf5 80. Ne2 Bc5 81. Ng3+ Ke5 82. Ne2 Ng5+ 83. Kg4 Be3 84. Ng3 Ne4
85. Nxe4 1/2-1/2

[Event "Cambridge Int Open 2023"]
[Site "Cambridge ENG"]
[Date "2023.02.17"]
[Round "6.15"]
[White "Dong, Bao Nghia"]
[Black "Palucha, Szymon"]
[Result "1-0"]
[WhiteTitle "FM"]
[WhiteElo "2361"]
[BlackElo "1980"]
[WhiteFideId "12400343"]
[BlackFideId "430005"]
[EventDate "2023.02.15"]

1. d4 Nf6 2. c4 g6 3. h3 c6 4. Nf3 Bg7 5. Bf4 O-O 6. e3 c5 7. Nc3 cxd4 8. exd4
d5 9. Bd3 Nc6 10. O-O dxc4 11. Bxc4 Bf5 12. g4 Bd7 13. d5 Na5 14. Be2 Rc8 15.
Ne5 Ne8 16. Qd4 Nd6 17. Qxa7 Nac4 18. Nxc4 Nxc4 19. Rac1 Nxb2 20. Ne4 f5 21. Nc5
e5 22. Bh2 Rxc5 23. Qxc5 fxg4 24. hxg4 Qh4 25. Bg3 Qh3 26. Qe7 Rf7 27. Qh4 Qxh4
28. Bxh4 e4 29. Rc7 b5 30. f3 Be5 31. Rb7 e3 32. Bg5 Bd4 33. Bh6 Be5 34. Bxe3 1-0

[Event "Cambridge Int Open 2023"]
[Site "Cambridge ENG"]
[Date "2023.02.17"]
[Round "6.16"]
[White "Bazakutsa, Svyatoslav"]
[Black "Kovalskyi, Roman"]
[Result "1-0"]
[WhiteTitle "FM"]
[WhiteElo "2330"]
[BlackElo "2111"]
[WhiteFideId "14198525"]
[BlackFideId "14184214"]
[EventDate "2023.02.15"]

1. c4 e5 2. g3 Nf6 3. Bg2 d5 4. cxd5 Nxd5 5. Nf3 Nc6 6. O-O Nb6 7. b3 Bd6 8. Bb2
O-O 9. Nc3 Re8 10. Rc1 Bf8 11. d3 Bg4 12. Ne4 f6 13. Qc2 Rc8 14. Nc5 Bxc5 15.
Qxc5 Qd6 16. Qc2 Nb4 17. Qb1 N4d5 18. h3 Bh5 19. Rfe1 c6 20. Nd2 Nc7 21. Ne4 Qe7
22. Nc5 Ne6 23. Nxe6 Qxe6 24. Qc2 Bg6 25. Qc5 Qe7 26. Qa5 Qc7 27. Red1 Bf7 28.
e4 Nd7 29. Qc3 Nf8 30. d4 exd4 31. Qxd4 Red8 32. Qe3 Nd7 33. Kh2 c5 34. f4 b6
35. Rd2 Nf8 36. Rdc2 Qd7 37. Bf3 Ne6 38. Rd1 Qe7 39. Rcc1 Rxd1 40. Rxd1 Rd8 41.
f5 Nc7 42. Rxd8+ Qxd8 43. e5 fxe5 44. Bxe5 Nb5 45. Qf4 Nd4 46. Be4 Qe8 47. Bg2
Qd7 48. Qg5 Be8 49. Bd5+ Kf8 50. f6 Nf5 51. fxg7+ Nxg7 52. Qf6+ Bf7 53. Qxg7+
Ke8 54. Qh8+ Ke7 55. Qf6+ Kf8 56. Bd6+ Kg8 57. Qg5+ 1-0

[Event "Cambridge Int Open 2023"]
[Site "Cambridge ENG"]
[Date "2023.02.17"]
[Round "6.17"]
[White "Jermy, Jaden"]
[Black "Anand, Batsukh"]
[Result "0-1"]
[BlackTitle "FM"]
[WhiteElo "1798"]
[BlackElo "2197"]
[WhiteFideId "459496"]
[BlackFideId "4903510"]
[EventDate "2023.02.15"]

1. d4 Nf6 2. Nf3 g6 3. Bf4 Bg7 4. e3 O-O 5. h4 h5 6. Nbd2 c5 7. c3 cxd4 8. exd4
d6 9. Bc4 Bg4 10. O-O Nbd7 11. Qb3 Nb6 12. Bd3 Qd7 13. Rfe1 Bf5 14. Bb5 Qd8 15.
a4 Rb8 16. Nf1 a6 17. Be2 Nbd5 18. Bg5 b5 19. axb5 axb5 20. Ra7 Be6 21. Qc2 Qb6
22. Rea1 Rfc8 23. Bd3 Nb4 24. Qe2 Nxd3 25. Qxd3 Bc4 26. Qe3 Rc7 27. Rxc7 Qxc7
28. N1d2 Nd5 29. Qe4 e6 30. Qc2 Be2 31. Qe4 Bxf3 32. Qxf3 Qc6 33. Ra7 Rb7 34.
Ra8+ Kh7 35. Ne4 Rc7 36. Rd8 f5 37. Nxd6 Rd7 38. Rxd7 Qxd7 39. c4 Qxd6 40. cxd5
exd5 41. Qc3 b4 42. Qc5 Qxc5 43. dxc5 Bxb2 44. c6 Be5 45. Bf6 Bc7 46. Kf1 Kg8
47. Ke2 Kf7 48. Bd4 Ke6 49. Bc5 b3 50. Kd3 Ba5 51. Ba3 Bb6 52. f3 Ba5 53. Bf8
Be1 54. Ba3 f4 55. c7 Kd7 56. Kd4 Kxc7 57. Kxd5 Bc3 58. Ke4 Kc6 59. Kxf4 Kb5 60.
g4 Ka4 61. Bc1 Bd2+ 62. Bxd2 b2 63. gxh5 gxh5 64. Kg5 b1=Q 65. Kxh5 Qf5+ 66. Bg5
Qxf3+ 67. Kg6 Qe4+ 68. Kh6 Qe6+ 69. Kg7 Qe8 70. Kh6 Qh8+ 71. Kg6 Qg8+ 72. Kh6
Qf7 73. h5 Kb5 74. Bh4 Kc6 75. Kg5 Kd5 76. h6 Ke4 77. Be1 Qf5+ 78. Kh4 Kf3 0-1

[Event "Cambridge Int Open 2023"]
[Site "Cambridge ENG"]
[Date "2023.02.17"]
[Round "6.19"]
[White "Mihalik, Agoston"]
[Black "Pert, Max"]
[Result "1-0"]
[WhiteElo "2142"]
[BlackElo "1793"]
[WhiteFideId "719021"]
[BlackFideId "456845"]
[EventDate "2023.02.15"]

1. e4 c6 2. Nc3 d5 3. Nf3 Bg4 4. h3 Bxf3 5. Qxf3 Nf6 6. d3 e6 7. Be2 Be7 8. Qg3
O-O 9. O-O Nbd7 10. Kh1 b5 11. e5 Ne8 12. Bg4 Nc5 13. b3 f5 14. Bh5 a5 15. Ne2
Kh8 16. f4 Nc7 17. Qf2 Qd7 18. Bf3 Rg8 19. Bd2 Nb7 20. Rfd1 Nd8 21. c4 Nf7 22.
Nc3 g5 23. Bh5 Raf8 24. cxb5 cxb5 25. Ne2 b4 26. Rac1 Nb5 27. Nd4 Nxd4 28. Qxd4
g4 29. Be1 Nh6 30. Bf2 Rc8 31. Qb6 Rxc1 32. Rxc1 Rc8 33. Be3 Rxc1+ 34. Bxc1 Qc8
35. Be3 Bh4 36. Qc5 Qxc5 37. Bxc5 Bd8 38. Bf8 Ng8 39. hxg4 Ne7 40. Bxe7 Bxe7 41.
gxf5 exf5 42. Bf7 d4 43. Be6 Bh4 44. Kh2 Bf2 45. Bxf5 h6 46. Kh3 Kg7 47. Kg4 Kf7
48. Kf3 Bh4 49. g3 Be7 50. Ke4 1-0

[Event "Cambridge Int Open 2023"]
[Site "Cambridge ENG"]
[Date "2023.02.17"]
[Round "6.20"]
[White "Brocklehurst, Andrew"]
[Black "Southcott-Moyers, Indy"]
[Result "0-1"]
[WhiteElo "1816"]
[BlackElo "2077"]
[WhiteFideId "424765"]
[BlackFideId "488542"]
[EventDate "2023.02.15"]

1. e4 e5 2. Nf3 Nc6 3. Bb5 a6 4. Bxc6 dxc6 5. d3 Bd6 6. Be3 c5 7. h3 Ne7 8. Nbd2
f6 9. c3 Be6 10. d4 cxd4 11. cxd4 O-O 12. a3 exd4 13. Nxd4 Bf7 14. O-O c5 15.
N4f3 Rc8 16. Rc1 Ng6 17. Nb1 Bf4 18. Qe2 Qe7 19. Nc3 b5 20. Bxf4 Nxf4 21. Qe3
Qc7 22. Rfd1 c4 23. Nd5 Bxd5 24. exd5 Rfe8 25. d6 Rxe3 26. dxc7 Ree8 27. Kf1
Rxc7 28. h4 Ree7 29. g3 Nd3 30. Rc2 Kf7 31. Ne1 Nc5 32. Ng2 Rcd7 33. Rb1 Nb3 34.
Kg1 Nd4 35. Rbc1 Ne2+ 0-1

[Event "Cambridge Int Open 2023"]
[Site "Cambridge ENG"]
[Date "2023.02.17"]
[Round "6.22"]
[White "Fava, Lorenzo"]
[Black "Rida, Ruqayyah"]
[Result "1-0"]
[WhiteElo "2089"]
[BlackElo "1669"]
[WhiteFideId "2837434"]
[BlackFideId "343272375"]
[EventDate "2023.02.15"]

1. d4 Nf6 2. Bg5 g6 3. Bxf6 exf6 4. e3 Bg7 5. c4 O-O 6. b4 a5 7. b5 c5 8. bxc6
dxc6 9. Be2 c5 10. Nf3 Nc6 11. Nc3 f5 12. Nb5 f4 13. d5 Bxa1 14. Qxa1 Nb4 15.
O-O fxe3 16. a3 exf2+ 17. Rxf2 Nc2 18. Qc3 Nd4 19. Nfxd4 cxd4 20. Qxd4 f5 21. d6
Bd7 22. Nc7 Rc8 23. Nd5 Rf7 24. Nb6 Rc6 25. c5 Be6 26. Bb5 Rxb6 27. cxb6 Rf6 28.
Rc2 Bf7 29. d7 Be6 30. Rc8 Rf8 31. Rxd8 Rxd8 32. Qf6 1-0

[Event "Cambridge Int Open 2023"]
[Site "Cambridge ENG"]
[Date "2023.02.17"]
[Round "6.23"]
[White "Donnelly, Andrew J"]
[Black "Pert, Nina"]
[Result "0-1"]
[BlackTitle "WCM"]
[WhiteElo "1522"]
[BlackElo "2009"]
[WhiteFideId "472344"]
[BlackFideId "456853"]
[EventDate "2023.02.15"]

1. Nf3 d5 2. c4 e6 3. g3 dxc4 4. Qa4+ Nd7 5. Bg2 a6 6. Qxc4 b5 7. Qc2 Bb7 8. O-O
Ngf6 9. d3 Be7 10. e4 O-O 11. Nc3 c5 12. b3 Qb6 13. a4 Rfd8 14. a5 Qc7 15. Bb2
Rac8 16. Rfe1 Nb8 17. e5 Nd5 18. Nxd5 Bxd5 19. d4 Qb7 20. Nh4 Bxh4 21. Bxd5 Qxd5
22. gxh4 cxd4 23. Qd3 Nc6 24. Qg3 d3 25. Red1 Nd4 26. Bxd4 Qxd4 27. Ra2 Rc2 28.
Rxc2 dxc2 0-1

[Event "Cambridge Int Open 2023"]
[Site "Cambridge ENG"]
[Date "2023.02.17"]
[Round "6.24"]
[White "Hobson, Kenneth"]
[Black "Sefton, Adam"]
[Result "1-0"]
[WhiteElo "2051"]
[BlackElo "1529"]
[WhiteFideId "480819"]
[BlackFideId "343400965"]
[EventDate "2023.02.15"]

1. e4 e6 2. d4 d5 3. e5 c5 4. c3 Nc6 5. Nf3 Qb6 6. Bd3 Bd7 7. O-O cxd4 8. Re1
Bc5 9. b4 Be7 10. a3 f6 11. cxd4 fxe5 12. dxe5 Qc7 13. Qc2 Rc8 14. Bxh7 Nxe5 15.
Bg6+ Kf8 16. Nxe5 Qd6 17. Qe2 Bf6 18. Bb2 d4 19. Bd3 Ne7 20. Nxd7+ Qxd7 21. Qxe6
Qc7 22. g3 Nc6 23. Nd2 Rd8 24. Rac1 Qb8 25. Bg6 1-0